Sathya Sai Speaks/ (Record no. 205768)

MARC details
000 -LEADER
fixed length control field 00540nam a22001817a 4500
005 - DATE AND TIME OF LATEST TRANSACTION
control field 20240910165420.0
010 ## - LCCN (DPL NO)
LC control number ENG-141729
020 e# - INTERNATIONAL STANDARD BOOK NUMBER
International Standard Book Number 9788172088736
Terms of availability 60.00
035 ## - SYSTEM CONTROL NUMBER
System control number EN-125261
037 ## - SOURCE OF ACQUISITION
Source of stock number/acquisition DBAD
082 ## - DEWEY DECIMAL CLASSIFICATION NUMBER
Classification number 181.45
245 ## - TITLE STATEMENT
Title Sathya Sai Speaks/
Statement of responsibility, etc By Sri Sathya Sai Sadhana Trust
260 ## - PUBLICATION, DISTRIBUTION, ETC. (IMPRINT)
Place of publication, distribution, etc Prasanthi Nilayam
Name of publisher, distributor, etc Sri Sathya Sai Sadhana Trust
Date of publication, distribution, etc 2012
270 ## - ADDRESS
Address Anantapur District
City Prasanthi Nilayam
Postal code 515134
300 ## - PHYSICAL DESCRIPTION
Extent 274p.:
Dimensions 21cm (pb)
Other physical details ill
490 ## - SERIES STATEMENT
Volume number/sequential designation Vol 33
942 ## - ADDED ENTRY ELEMENTS (KOHA)
Source of classification or shelving scheme Dewey Decimal Classification
Item type English Books
Classification part 181.45
Call number suffix SAT
Holdings
Withdrawn status Lost status Materials specified (bound volume or other part) Not for loan Collection code Home library Current library Date acquired Source of acquisition Cost, normal purchase price Full call number Barcode Copy number Cost, replacement price Koha item type
    VOL-33   Non-fiction Bawana Bawana 10/09/2024 DBAD 60.00 181.45 SAT EN-125261 1 60.00 English Books

© Delhi Public Library
Hit Counter
free hit counter